Labyrinth of Memory/ (Record no. 2953)

MARC details
000 -LEADER
campo de control de longitud fija 01000nam a22002177a 4500
003 - IDENTIFICADOR DE NÚMERO DE CONTROL
campo de control OSt
005 - FECHA Y HORA DE LA ÚLTIMA TRANSACCIÓN
campo de control 20230127095005.0
008 - DATOS DE LONGITUD FIJA--INFORMACIÓN GENERAL
campo de control de longitud fija 221006b |||||||| |||| 00| 0 eng d
020 ## - NÚMERO INTERNACIONAL ESTÁNDAR DEL LIBRO
Número Internacional Estándar del Libro 1 879128 18 7
040 ## - FUENTE DE CATALOGACIÓN
Centro/agencia transcriptor Biblioteca Lado V
082 ## - NÚMERO DE LA CLASIFICACIÓN DECIMAL DEWEY
Número de clasificación 708
Número de ítem W861l
100 ## - ENTRADA PRINCIPAL--NOMBRE DE PERSONA
9 (RLIN) 671
Nombre de persona Wolin, Joseph R.
Término indicativo de función/relación editor
245 ## - MENCIÓN DEL TÍTULO
Título Labyrinth of Memory/
Resto del título Gerardo Suter/
260 ## - PUBLICACIÓN, DISTRIBUCIÓN, ETC.
Nombre del editor, distribuidor, etc. Americas Society
Fecha de publicación, distribución, etc. 2001
Lugar de publicación, distribución, etc. California
300 ## - DESCRIPCIÓN FÍSICA
Extensión 112p.
Dimensiones 25x25cm
505 ## - NOTA DE CONTENIDO CON FORMATO
Título Acknowledgments
-- Rites of Memory: The Photographs and Video Installations of Gerardo Suter
-- Gerardo Suter: Primary Machines
-- Plates
-- Version en Español<br/>Ritos de la memoria: Fotografías y video instalaciones de Gerardo Suter
-- Gerardo Suter: Las Maquinas primordiales
-- Exhibition Checklist
-- Biography
-- Select Bibliography
650 ## - PUNTO DE ACCESO ADICIONAL DE MATERIA--TÉRMINO DE MATERIA
Fuente del encabezamiento o término Tesauro de Arte & Arquitectura
Término de materia o nombre geográfico como elemento de entrada ARTE
650 ## - PUNTO DE ACCESO ADICIONAL DE MATERIA--TÉRMINO DE MATERIA
Fuente del encabezamiento o término Tesauro de Arte & Arquitectura
Término de materia o nombre geográfico como elemento de entrada CATALOGO
651 ## - PUNTO DE ACCESO ADICIONAL DE MATERIA--NOMBRE GEOGRÁFICO
Fuente del encabezamiento o término Tesauro de Arte & Arquitectura
Nombre geográfico GERARDO SUTER
942 ## - ELEMENTOS DE ENTRADA SECUNDARIOS (KOHA)
Fuente del sistema de clasificación o colocación Clasificación Decimal Dewey
Tipo de ítem Koha Libros
Parte de la signatura que corresponde a la clasificación (Parte de la clasificación) 708
Parte de la signatura que identifica el ejemplar (Parte del ítem) W861l
Suprimir en OPAC No
Holdings
Estatus retirado Estado de pérdida Fuente del sistema de clasificación o colocación Estado de daño No para préstamo Biblioteca de origen Biblioteca actual Fecha de adquisición Número de inventario Total de préstamos Signatura topográfica completa Código de barras Visto por última vez Precio de reemplazo Tipo de ítem Koha
    Clasificación Decimal Dewey     Biblioteca LadoV Biblioteca LadoV 27/01/2023 001155   708 W861l 001155 27/01/2023 27/01/2023 Libros